| 000 | 00925nac a22003257a 4500 | ||
|---|---|---|---|
| 001 | BR7404063 | ||
| 003 | BR-BrBNA | ||
| 005 | 20240105113759.0 | ||
| 008 | 230509b bl.|||m| |||| 00| 0 por d | ||
| 040 |
_aBR-BrBNA _bpor _cBiblioteca Nacional de Agricultura |
||
| 072 | _aE70 | ||
| 090 | _a9130 BR7404063 | ||
| 110 | 1 |
_aMinisterio das Relacoes Exteriores, Brasilia, DF (Brasil). Depto. de Promocao Comercial _97087 |
|
| 245 | 1 | _aO mercado sueco para alimentos processados | |
| 260 | 3 |
_aBrasilia, DF (Brasil): _c1973. |
|
| 300 | _a50 p. | ||
| 490 |
_aMercados para o Brasil (Brazil) _vno. 28 _x |
||
| 650 | _aLEGUME | ||
| 650 | _aCONSERVA | ||
| 650 | _aPROCESSAMENTO | ||
| 650 | _aIMPORTACAO | ||
| 650 | _aPRECO | ||
| 650 | _aEXPORTACAO | ||
| 650 | _aASPARGO | ||
| 650 | _aERVILHA | ||
| 650 | _aCOGUMELO | ||
| 650 | _aTOMATE | ||
| 909 |
_a202312 _bLúcia Elande _c55 _dLúcia Elande |
||
| 942 |
_2AGRIS _n0 _cMS |
||
| 999 |
_c265527 _d265527 |
||